Disputationum In Primam Philosophiam Decima De Entis, In Primis Substantiae Reductione Logica

Bibliographic Details
Main Author: Dreier, Christian, 1610-1688 (Author, Thesis advisor)
Corporate Author: Reusner, Johann (Kaliningrad, Rusko) (Printer)
Other Authors: Stephani, Caspar (Dissertant), Reusner, Johann (Printer)
Format: Book
Language:Latin
PhysicalDescription:[2] strany, strany 167-184 21 cm
Published: Regiomonti Typis Johannis Reusneri Anno M.DC.XLIII. [=1643]
Subjects:

MARC

LEADER 00000nam a2200000 a 4500
001 vtls011840409
003 SK-MaSNL
005 20260426000608.0
008 251112 1643 ru 000 0 lat
015 |a SNBHFA1643 
040 |a SNK  |b slo  |c SNK  |e AACR2 
041 0 |a lat 
044 |a ru  |c RU 
072 7 |a 101  |x Filozofia  |2 konspekt 
080 |a 101  |2 2011 
100 1 |a Dreier, Christian,  |d 1610-1688  |4 aut  |4 ths  |9 356563 
245 1 0 |a Disputationum In Primam Philosophiam  |n Decima  |p De Entis, In Primis Substantiae Reductione Logica  |c quam Deo annuente, Consensu Ampliss. Facult. Philosophicae M. Christianus Dreier Pomeranus, Praeses, et Casparus Stephani, Spandoâ-Marchicus, Respondens, publicae ventilationi subijciunt ad diem 29. Augusti In Aroaterio Philosophorum 
260 |a Regiomonti  |b Typis Johannis Reusneri  |c Anno M.DC.XLIII. [=1643] 
300 |a [2] strany, strany 167-184  |c 21 cm 
501 |a Príväzok 10. k: DREIER, Christian. Sapientia Seu Philosophia Prima Ex Aristotele & optimis antiquis... Regiomonti: Typis Johannis Reusneri. Impensis Petri Hendeli Bibl., Anno M.DC.XLIII. [=1643]  |5 SNK IC 144351 
561 |a Z knižnice Učenej spoločnosti malohontskej  |5 SNK IC 144351/prív.10 
650 0 7 |a filozofia  |2 SNKPH  |9 793 
655 7 |a promočné tlače  |2 SNKPH  |9 73127 
700 1 |a Stephani, Caspar  |4 dis  |9 560719 
700 1 |a Reusner, Johann  |4 prt  |9 356565 
710 2 |a Učená spoločnosť malohontská  |4 fmo  |9 205374 
710 0 |a Reusner, Johann (Kaliningrad, Rusko),  |d 1632-1666  |4 prt  |9 356566 
752 |a Rusko  |d Kaliningrad 
852 |a snk  |b Historické fondy  |p IC 144351/prív.10 
999 |c 860049  |d 861979 
952 |t MHC V.C.10  |a SNK  |b SNK  |c SNK_HF  |y PREZ  |7 0  |p 17A1302474  |o snkIC 144351/prív.10  |i snk2019/1369  |8 5  |0 0  |1 0  |4 0  |d 2019-02-12  |l 0  |r 2026-02-24 05:09:05  |w 2026-02-24